Giáo trình nhiệt động lực học và vật lý thống kê. t.II /

Salvato in:
Dettagli Bibliografici
Autore principale: Vũ Thanh Khiết.
Natura: Sách giấy
Lingua:Vietnamese
Pubblicazione: Hà Nội : Giáo dục, 1978.
Tags: Aggiungi Tag
Nessun Tag, puoi essere il primo ad aggiungerne! !
Thư viện lưu trữ: Thư viện Trường Đại học Đà Lạt
LEADER 00601nam a2200241 4500
001 DLU020001640
005 ##19990305
040 # # |a DLU  |b vie 
041 # # |a vie 
082 # # |a 536.7  |b VU-K 
100 # # |a Vũ Thanh Khiết. 
245 # # |a Giáo trình nhiệt động lực học và vật lý thống kê.  |n t.II /  |c Vũ Thanh Khiết. 
260 # # |a Hà Nội :  |b Giáo dục,  |c 1978. 
300 # # |a 196 tr. ;  |c 21 cm. 
992 # # |a 347 
994 # # |a DLU 
900 # # |a False 
911 # # |a Administrator 
925 # # |a G 
926 # # |a A 
927 # # |a SH 
980 # # |a Thư viện Trường Đại học Đà Lạt